Detalles MARC
| 000 -ENCABEZADO |
| Número de control [NR] |
02702nam a22003857a 4500 |
| 005 - FECHA Y HORA DE LA ÚLTIMA TRANSACCIÓN |
| control field |
20211214111458.0 |
| 008 - DE LONGITUD FIJA DE DATOS DE ELEMENTOS - INFORMACIÓN GENERAL |
| Elementos de longitud fija [NR] |
201107k19141927enk |||f||||| 001 0 mul d |
| 020 ## - NUMERO INTERNACIONAL NORMALIZADO PARA LIBROS [R] |
| Número Internacional Normalizado del libro [NR] |
9780674990364 |
| 020 ## - NUMERO INTERNACIONAL NORMALIZADO PARA LIBROS [R] |
| Número Internacional Normalizado del libro [NR] |
9780674990418 |
| 020 ## - NUMERO INTERNACIONAL NORMALIZADO PARA LIBROS [R] |
| Número Internacional Normalizado del libro [NR] |
9780674990593 |
| 020 ## - NUMERO INTERNACIONAL NORMALIZADO PARA LIBROS [R] |
| Número Internacional Normalizado del libro [NR] |
9780674990739 |
| 020 ## - NUMERO INTERNACIONAL NORMALIZADO PARA LIBROS [R] |
| Número Internacional Normalizado del libro [NR] |
9780674990913 |
| 020 ## - NUMERO INTERNACIONAL NORMALIZADO PARA LIBROS [R] |
| Número Internacional Normalizado del libro [NR] |
9780674990920 |
| 020 ## - NUMERO INTERNACIONAL NORMALIZADO PARA LIBROS [R] |
| Número Internacional Normalizado del libro [NR] |
9780674991934 |
| 020 ## - NUMERO INTERNACIONAL NORMALIZADO PARA LIBROS [R] |
| Número Internacional Normalizado del libro [NR] |
9780674991958 |
| 020 ## - NUMERO INTERNACIONAL NORMALIZADO PARA LIBROS [R] |
| Número Internacional Normalizado del libro [NR] |
9780674991965 |
| 040 ## - FUENTE DE CATALOGACION [NR] |
| Quien Cataloga |
Sandra Yazo |
| Quien Clasifica |
Sandra Yazo |
| 041 0# - CODIGO DE IDIOMA [R] |
| Código de idioma para texto/pista de sonido o título separado [R] |
Inglés |
| -- |
Griego |
| 082 04 - NUMERO DE CLASIFICACION DECIMAL DEWEY [R] |
| Número de la edición [NR] |
20 |
| Número de clasificación [R] |
937 |
| 092 ## - SIGNATURA TOPOGRAFICA LOCAL |
| Número de clasificación local |
E62N033 |
| 100 1# - ASIENTO PRINCIPAL--NOMBRE PERSONAL [NR] |
| Nombre personal [NR] |
Dión Casio |
| ID Autoridad |
101469 |
| 242 00 - TRADUCCION DEL TITULO POR LA AGENCIA CATALOGADORA [R] |
| Título [NR] |
Dion Casio. |
| Parte restante del título [NR] |
Historia de Roma. |
| Mención de responsabilidad, etc. [NR] |
Traducción inglesa de Earnest Cary, a partir de la versión de Herbert Baldwin Foster. |
| Nombre de la parte o sección [R] |
spa |
| 245 10 - MENCION DE TITULO [NR] |
| Título [NR] |
Dio Cassius. |
| Parte restante del título [NR] |
Roman History. |
| Mención de responsabilidad, etc. [NR] |
With an english translation by Earnest Cary on the basis of the version of Herbert Baldwin Foster |
| 260 ## - PUBLICACION, DISTRIBUCION, ETC. (PIE DE IMPRENTA) [R] |
| Lugar de publicación, distribución, etc. [R] |
London [Londres] (Inglaterra) |
| Nombre del editor, distribuidor, etc. [R] |
Harvard University Press [Imprenta de la Universidad de Harvard] |
| Fecha de publicación, distribución, etc. [R] |
1914 - 1927 |
| 300 ## - DESCRIPCION FISICA [R] |
| Extensión [R] |
9 volúmenes (xxx, 449 ; vii, 519 ; 519 ; 502 ; vii, 526 ; 492 ; 449 ; 482 ; 572 páginas) |
| Dimensiones [R] |
16 x 11 cm. |
| 490 0# - MENCION DE SERIE [R] |
| Mención de serie [R] |
Loeb classical Library |
| Designación numérica/secuencial del volumen [NR] |
32 ; 37 ; 53 ; 66 ; 82 ; 83 ; 175 ; 176 ; 177 |
| 500 ## - NOTA GENERAL [R] |
| Nota general [NR] |
Detalles físicos: Encuadernación rígida. Cartón duro forrado en tela. Lomo con adornos en dorado. En la tapa delantera anagrama en dorado. Cubierta de papel verde con solapa, que incluye datos de autor y de la obra. Guardas. Hoja de cortesía. Anteportada. Portada impresa en una sola tinta; información sobre la obra dentro de un recuadro. Pequeño grabado con el emblema de la Colección (Palas Athenea); en el círculo, la inscripción “Loeb Classical Library”. Texto muy bien impreso en una sola columna: el texto griego, con párrafos numerados, ocupa la página derecha; la traducción inglesa correspondiente a la página de la izquierda. Notas de pie de página. Incluye índice. Hojas de cortesía posteriores y guardas. Leve deterioro en algunas páginas por dobleces. |
| 505 ## - NOTA DE CONTENIDO CON FORMATO PREESTABLECIDO [R] |
| Nota de contenido con formato preestablecido [NR] |
Historia de Roma: V.1 Libros I al XI (fragmentos) -- V.2: Libros XII al XXXV (fragmentos) ; Índice -- V.3: Libros XXXVI al XL ; Índice -- V.4: Libros XLI al XLV ; Índice -- V.5: Libros XLVI al L ; Índice -- V.6: Libros LI al LV ; Índice -- V.7: Libros LVI al LX ; Índice -- V.8: Resumen de los Libros LXI al LXX ; Índice -- V.9: Resumen de los Libros LXXI al LXXX ; Fragmentos del Libro LXXX ; Índice General |
| 506 ## - NOTA DE RESTRICCIONES DE ACCESO [R] |
| Condiciones de acceso [NR] |
Consulta en sala |
| 546 ## - NOTA DE IDIOMA [R] |
| Nota de idioma [NR] |
Texto en inglés y griego |
| 651 #4 - ASIENTO SECUNDARIO DE MATERIA - NOMBRE GEOGRAFICO [R] |
| Nombre geográfico [NR] |
Roma |
| Subdivisión general [R] |
Imperio, 30 a. C.-476 d. C. |
| 9 (RLIN) |
101470 |
| 690 ## - ASUNTO AGREGADO LOCAL DE ENTRADA - TÉRMINO TEMÁTICO (OCLC, RLIN) |
| Acceso temático local |
Historia de Europa |
| 9 (RLIN) |
26509 |
| 700 14 - ASIENTO SECUNDARIO - NOMBRE PERSONAL [R] |
| Nombre personal [NR] |
Cary, Earnest |
| Fechas asociadas con el nombre [NR] |
1879-.... |
| Término de relación [R] |
traductor |
| 9 (RLIN) |
100634 |
| 942 ## - ELEMENTOS DE ENTRADA AGREGADOS (KOHA) |
| Sistema de clasificación |
LOCAL |
| Tipo de ítem principal el descrito en 300a |
Libro |
| Edición |
1 |
| Clasificación |
E62N033 |